Statistics for May Smart People's Quiz

Click here to take the quiz!

General Stats

  • This quiz has been taken 11,147 times
  • The average score is 9 of 20

Answer Stats

HintApril Fools'Correct% Correct
In what country was President Obama born?KenyaUnited States
96%
What is 2 + 3 * 5 + 6?3123
85%
What is the capital of Turkey?IstanbulAnkara
80%
What is the biggest country that starts with the letter A?AmericaAustralia
78%
In what modern-day country would you find the birthplace
of Alexander the Great?
MacedoniaGreece
68%
What country invented the word "soccer"?AmericaUnited Kingdom
64%
What is the word for a young horse?PonyFoal
51%
What is the national animal of Canada?MooseBeaver
50%
What do etymologists study?InsectsWord origins
43%
Who was the first European to discover North America?Christopher ColumbusLeif Erikson
38%
Correctly spell the capital of KentuckyLouisvilleFrankfort
33%
What was invented by Englishman Tim Berners-Lee?The InternetWorld Wide Web
31%
What was the capital of the Incan Empire?Machu PicchuCusco
29%
What U.S. state was home to the Wright Brothers?North CarolinaOhio
29%
What is the capital of British Columbia?VancouverVictoria
29%
What is the largest part of the U.S. budget?MilitarySocial Security
22%
What is the world's fattest country?United StatesNauru
21%
What spicy green paste can be found at most sushi restaurants?WasabiHorseradish
19%
What's the biggest city on the island of Hawaii?HonoluluHilo
17%
What is the rainiest major city in the U.S.?SeattleNew Orleans
13%

Score Distribution

Percentile by Number Answered

Percent of People with Each Score

Your Score History

You have not taken this quiz